| 000 | 00401pam a2200157 a 4500 | ||
|---|---|---|---|
| 020 |
_a0-683-09061-5 _c |
||
| 040 | _aRMUN_431603 | ||
| 041 | _aeng | ||
| 082 |
_a589.90012 _bBER |
||
| 100 | _aWilliams, S T | ||
| 245 |
_aBergey`s Manual of Systematic Bacteriology _bVol.4 _hTextual Documents |
||
| 260 |
_aBaltimore _bWilliams & Wilkins _c1989 |
||
| 300 | _ardk | ||
| 700 | _aHolt, J G | ||
| 930 | _a11153 | ||
| 999 |
_c88056 _d88056 |
||